Integrácia analýzy rizika do finančného riadenia podniku dizertačná práca

Enregistré dans:
Détails bibliographiques
Auteur principal: Lukáč, Miroslav
Collectivité auteur: Podnikovohospodárska fakulta EU so sídlom v Košiciach. Katedra účtovníctva a financií
Autres auteurs: Kafková, Eva
Format: Livre
Langue:slovaque
Publié: Košice 2013
Sujets:
Tags: Ajouter un tag
Pas de tags, Soyez le premier à ajouter un tag!

MARC

LEADER 00000nbm a2200000 4500
001 0176071
005 20240502073013.9
041 0 |a slo 
044 |a SK 
245 1 0 |a Integrácia analýzy rizika do finančného riadenia podniku  |b dizertačná práca  |c Miroslav Lukáč ; školiteľ: Eva Kafková 
264 1 |a Košice  |c 2013 
300 |a 99 s. 
610 2 0 |a riadenie finančné 
610 2 0 |a riziko 
610 2 0 |a riziko finančné 
100 1 |a Lukáč, Miroslav 
700 1 |a Kafková, Eva 
710 2 |a Podnikovohospodárska fakulta EU so sídlom v Košiciach. Katedra účtovníctva a financií